000 00415nam a2200145Ia 4500
008 100122s9999 xx 000 0 und d
082 _b60990
_a823.08
100 _aदेशपांडे कृ प
245 _aअतूट नाते
260 _bअमोल प्रकाशन
_c1999
300 _a64
630 _aअतूट नाते
730 _aअतूट नाते
942 _cBOOK
999 _c435932
_d435929